00523pab a2200169 454500008004000000100002200040245005600062260000900118300001300127362000800140650002600148650001700174773004100191909001000232999001700242952009400259180718b2001 xxu||||| |||| 00| 0 eng d aMingardi, Guaracy aMoney and the international drug trade in Sao Paulo c2001 ap.379-86 aSep aDrug traffic - Brazil aDrug traffic aInternational Social Science Journal a50594 c50594d50594 00104070aIIPAbIIPAd2018-07-19hVolume no: 169, pAR51022r2018-07-19w2018-07-19yAR